Science Quiz

Random Science Quiz

Chapter 24 Quiz Stats

 Plays Quiz not verified by Sporcle

Support Sporcle.
Go Orange.
Score 0/15 Timer 06:00
0 Plays Today
hint answer % Correct
the only metal that is liquid at room temperaturemercury
100%
mercury can be biologically _________ in food chains/websmagnified
100%
abandoned industrial and commercial sites usually contaminated with hazardous wastesbrownfields
0%
linger in the environment for decades, especially in soils and human fat tissuedioxins
0%
human carcinogenTCDD
0%
system to keep track of waste they transfer from a point of generation to disposal facilitycradle-to-grave
0%
superfund programCERCLA
0%
used to detect the presence of toxic and radioactive chemicals in concentrations as low as several ppthoneybees
0%
hint answer % Correct
NPLnational priorities list
0%
nimbynot in my backyard
0%
nopenot on planet earth
0%
there is no '____' for the wastes we produceaway
0%
about 80% of the gasoline sold in the world today is _________unleaded
0%
RCRAresource conservation and recovery act
0%
about __ dioxin compounds have significant toxicity30
0%

You're not logged in!

Compare scores with friends on all Sporcle quizzes.
OR
Log In

From the Vault

Letter 'C' Bunker

by Flick

We hope you can 'C' your way to the end of this bunker.
Remove Ads.
Support Sporcle.
Get the best of Sporcle when you Go Orange. This ad-free experience offers more features, more stats, and more fun while also helping to support Sporcle. Thank you for becoming a member.

Show Comments

Extras

Created Mar 7, 2011ReportNominate
Tags:Chapter

Top Quizzes Today


Score Distribution

Your Account Isn't Verified!

In order to create a playlist on Sporcle, you need to verify the email address you used during registration. Go to your Sporcle Settings to finish the process.

Report this User

Report this user for behavior that violates our Community Guidelines.

Details: